| 000 | 00373nam a2200157Ia 4500 | ||
|---|---|---|---|
| 100 | _aAkerkar/Rajendra | ||
| 650 | _aSemantic web | ||
| 942 | _cBK | ||
| 366 | _f20 | ||
| 245 | _aFoundations of the semantic web XML RDF and ontology | ||
| 260 |
_bNarosa Publication House _c2009 |
||
| 082 |
_a4.65 _bAKE |
||
| 300 | _a206 | ||
| 546 |
_aENGLISH _celectronics |
||
| 999 |
_c29677 _d29677 |
||